[Event "AUT-ch U16"]
[Site "St Veit"]
[Date "2016.03.24"]
[Round "7"]
[White "Mesaros, Sebastian"]
[Black "Ly, Dominik"]
[Result "1/2-1/2"]
[WhiteElo "1831"]
[BlackElo "2203"]
[PlyCount "66"]
[EventDate "2016.03.20"]
[EventType "swiss"]
[EventRounds "7"]
[EventCountry "AUT"]
[SourceTitle "CBM 171 Extra"]
[Source "ChessBase"]
[SourceDate "2016.04.26"]
[SourceVersion "1"]
[SourceVersionDate "2016.04.26"]
[SourceQuality "1"]

1. e4 c5 2. Nf3 d6 3. d4 cxd4 4. Nxd4 Nf6 5. Nc3 Nc6 6. Bg5 e6 7. Qd2 a6 8. 0-0-0 h6 9. Be3 Be7 10. f4 Nxd4 11. Bxd4 b5 12. Kb1 Bb7 13. Bd3 0-0 14. e5 dxe5 15. fxe5 Nd7 16. Ne4 Bxe4 17. Bxe4 Rb8 18. Ba7 Nxe5 19. Qc3 Bd6 20. Qd4 Bc7 21. Qc5 Qc8 22. Rhe1 Nc4 23. Bxb8 Qxb8 24. g3 Be5 25. c3 Rc8 26. Qe7 b4 27. Qxb4 Qc7 28. Qb7 Na3+ 29. Kc1 Bf4+ 30. gxf4 Qxf4+ 31. Rd2 Rd8 32. Red1 Rxd2 33. Rxd2 Qf1+ 1/2-1/2

[Event "AUT-ch U16"]
[Site "St Veit"]
[Date "2016.03.23"]
[Round "6"]
[White "Mesaros, Sebastian"]
[Black "Morgunov, Marc"]
[Result "0-1"]
[WhiteElo "1831"]
[BlackElo "1927"]
[PlyCount "74"]
[EventDate "2016.03.20"]
[EventType "swiss"]
[EventRounds "7"]
[EventCountry "AUT"]
[SourceTitle "CBM 171 Extra"]
[Source "ChessBase"]
[SourceDate "2016.04.26"]
[SourceVersion "1"]
[SourceVersionDate "2016.04.26"]
[SourceQuality "1"]

1. e4 e5 2. Nf3 d6 3. d4 exd4 4. Nxd4 Nf6 5. Nc3 Be7 6. Bc4 0-0 7. h3 Re8 8. 0-0 c6 9. Qf3 Nbd7 10. Bf4 Ne5 11. Bxe5 dxe5 12. Nf5 Bxf5 13. Qxf5 Bc5 14. Rad1 Qc7 15. Ne2 Re7 16. Rd3 Ne8 17. Bb3 g6 18. Qf3 Kg7 19. g4 h6 20. Rfd1 Nd6 21. Ng3 Rf8 22. Qg2 Kh7 23. Rf3 b5 24. h4 Qc8 25. Rfd3 a5 26. c3 a4 27. Bc2 Nc4 28. Rb1 Qxg4 29. h5 Re6 30. Bd1 Qg5 31. Be2 Rf6 32. Bf3 Nxb2 33. Rd7 Kg8 34. Rf1 Qf4 35. Nf5 Kh8 36. hxg6 Rxg6 37. Ng3 Rxg3 0-1

[Event "AUT-ch U16"]
[Site "St Veit"]
[Date "2016.03.20"]
[Round "2"]
[White "Mesaros, Sebastian"]
[Black "Benesch, Julian"]
[Result "1/2-1/2"]
[WhiteElo "1831"]
[BlackElo "1691"]
[PlyCount "115"]
[EventDate "2016.03.20"]
[EventType "swiss"]
[EventRounds "7"]
[EventCountry "AUT"]
[SourceTitle "CBM 171 Extra"]
[Source "ChessBase"]
[SourceDate "2016.04.26"]
[SourceVersion "1"]
[SourceVersionDate "2016.04.26"]
[SourceQuality "1"]

1. e4 c6 2. d4 d5 3. e5 c5 4. dxc5 Nc6 5. Nf3 Bg4 6. Bf4 e6 7. Be2 Bxc5 8. 0-0 Nge7 9. Nbd2 Ng6 10. Bg3 h5 11. h3 h4 12. Bh2 Bxf3 13. Nxf3 a6 14. Bd3 Nge7 15. c3 d4 16. c4 Nc8 17. Qd2 Nb6 18. a3 a5 19. Ng5 Be7 20. Ne4 a4 21. f4 g6 22. Rab1 Na5 23. c5 Nd5 24. Bb5+ Kf8 25. Qxd4 Nb3 26. Qf2 Qa5 27. Bc4 Nxc5 28. Qf3 Qb6 29. Kh1 Nxe4 30. Qxe4 Ne3 31. Rfe1 Nf5 32. Qf3 Qd4 33. Qxb7 Kg7 34. Qe4 Qc5 35. Bd3 Rhd8 36. Qf3 Nd4 37. Qe3 Qa5 38. Bg1 Rab8 39. Red1 Rb3 40. Qd2 Qd5 41. Qf2 Bc5 42. Qe1 Nf3 43. Be4 Nxe1 44. Bxd5 Rxd5 45. Rxd5 exd5 46. Bxc5 Nd3 47. Bd4 Nxf4 48. e6+ Kf8 49. Bc5+ Ke8 50. exf7+ Kxf7 51. Rf1 g5 52. Bd6 Ke6 53. Bxf4 gxf4 54. Rxf4 Ke5 55. Rxh4 d4 56. Rh8 d3 57. Rd8 Kf4 58. Kg1 1/2-1/2

[Event "HUN-chT2 Breyer 1516"]
[Site "Hungary"]
[Date "2015.12.06"]
[Round "6.9"]
[White "Papp, Andras"]
[Black "Mesaros, Sebastian"]
[Result "1/2-1/2"]
[WhiteElo "1889"]
[BlackElo "1870"]
[PlyCount "44"]
[EventDate "2015.09.13"]
[EventType "team-tourn"]
[EventRounds "11"]
[EventCountry "HUN"]
[SourceTitle "CBM 170 Extra"]
[Source "ChessBase"]
[SourceDate "2016.02.25"]
[SourceVersion "1"]
[SourceVersionDate "2016.02.25"]
[SourceQuality "1"]
[WhiteTeam "Gyor UDSE"]
[BlackTeam "Sarkany DSE"]
[WhiteTeamCountry "HUN"]
[BlackTeamCountry "HUN"]

1. e4 c6 2. d4 d5 3. exd5 cxd5 4. c4 Nf6 5. Nf3 e6 6. Nc3 Be7 7. cxd5 Nxd5 8. Bd3 Nc6 9. 0-0 0-0 10. Be3 Ncb4 11. Nxd5 Qxd5 12. Be2 Bf6 13. a3 Nc6 14. Qd2 Rd8 15. Rfd1 b6 16. Rac1 Bb7 17. b4 Rac8 18. Bc4 Qd7 19. h3 Ne7 20. Be2 Nf5 21. Rxc8 Rxc8 22. g4 Nd6 1/2-1/2

[Event "AUT-ch U18"]
[Site "St Veit"]
[Date "2015.04.01"]
[Round "6.7"]
[White "Mesaros, Sebastian"]
[Black "Gelbenegger, Patrick"]
[Result "1/2-1/2"]
[WhiteElo "1919"]
[BlackElo "1830"]
[PlyCount "59"]
[EventDate "2015.03.29"]
[EventType "swiss"]
[EventRounds "7"]
[EventCountry "AUT"]
[SourceTitle "EXT 2024"]
[Source "ChessBase"]
[SourceDate "2023.10.10"]
[SourceVersion "1"]
[SourceVersionDate "2023.10.10"]
[SourceQuality "1"]

1. e4 e5 2. Nf3 Nc6 3. Nc3 Nf6 4. d4 exd4 5. Nxd4 Bb4 6. Nxc6 Bxc3+ 7. bxc3 bxc6 8. Bd3 h6 9. Ba3 d6 10. e5 Nd5 11. c4 Nb6 12. 0-0 c5 13. exd6 cxd6 14. Be4 Rb8 15. Bc6+ Ke7 16. Re1+ Be6 17. Bd5 Re8 18. Qg4 Kf8 19. Bxe6 Rxe6 20. Rxe6 fxe6 21. Qxe6 Qf6 22. Qxf6+ gxf6 23. Rb1 Re8 24. Kf1 Nxc4 25. Bc1 h5 26. Rb7 Re7 27. Rb8+ Re8 28. Rb7 Re7 29. Rb8+ Re8 30. Rb7 1/2-1/2

[Event "AUT-ch U18"]
[Site "St Veit"]
[Date "2015.03.29"]
[Round "2.9"]
[White "Peyrer, Konstantin"]
[Black "Mesaros, Sebastian"]
[Result "0-1"]
[WhiteElo "1709"]
[BlackElo "1919"]
[PlyCount "90"]
[EventDate "2015.03.29"]
[EventType "swiss"]
[EventRounds "7"]
[EventCountry "AUT"]
[SourceTitle "EXT 2024"]
[Source "ChessBase"]
[SourceDate "2023.10.10"]
[SourceVersion "1"]
[SourceVersionDate "2023.10.10"]
[SourceQuality "1"]

1. e4 c5 2. Nf3 e6 3. c4 Nc6 4. d4 cxd4 5. Nxd4 Nf6 6. Nc3 Be7 7. Be2 0-0 8. 0-0 Qb6 9. Be3 Qxb2 10. Ndb5 Qb4 11. Bd2 Qc5 12. Be3 Qe5 13. f4 Qb8 14. e5 Ne8 15. Bd3 a6 16. Rf3 g6 17. Nd4 Bc5 18. Nc2 Bxe3+ 19. Nxe3 d6 20. exd6 Qxd6 21. Ne4 Qd4 22. Kh1 Nb4 23. Nc2 Nxc2 24. Bxc2 Qxd1+ 25. Rxd1 b5 26. c5 Bb7 27. Rff1 Rc8 28. Rc1 Bd5 29. Bd3 Rc6 30. a3 Kg7 31. Rc3 Nf6 32. Nxf6 Kxf6 33. Rfc1 Rb8 34. Kg1 a5 35. Bb1 b4 36. axb4 axb4 37. Rh3 h5 38. Re3 Rb5 39. Be4 Rcxc5 40. Rxc5 Rxc5 41. Bxd5 exd5 42. Rb3 Rc4 43. Rd3 d4 44. Kf2 Kf5 45. g3 Ke4 0-1

[Event "Lienz op-B 18th"]
[Site "Lienz"]
[Date "2015.02.11"]
[Round "6"]
[White "Mesaros, Sebastian"]
[Black "Huemer, Gerald"]
[Result "1-0"]
[WhiteElo "1937"]
[BlackElo "1755"]
[PlyCount "81"]
[EventDate "2015.02.07"]
[EventType "swiss"]
[EventRounds "9"]
[EventCountry "AUT"]
[SourceTitle "CBM 165 Extra"]
[Source "ChessBase"]
[SourceDate "2015.04.21"]
[SourceVersion "1"]
[SourceVersionDate "2015.04.21"]
[SourceQuality "1"]

1. e4 c5 2. Nf3 d6 3. d4 cxd4 4. Nxd4 a6 5. Nc3 e6 6. Be3 Nf6 7. f3 Be7 8. g4 Nc6 9. Qd2 Qc7 10. 0-0-0 b5 11. g5 Nd7 12. Nxc6 Qxc6 13. Qd4 f6 14. h4 Bb7 15. Bh3 Kf7 16. gxf6 gxf6 17. Rhg1 Rhg8 18. Bg4 Ne5 19. Bh5+ Ng6 20. f4 f5 21. exf5 exf5 22. Bf2 Rad8 23. Qd3 Bc8 24. Bf3 Nxf4 25. Bxc6 Nxd3+ 26. cxd3 b4 27. Bd5+ Be6 28. Bxe6+ Kxe6 29. Rde1+ Kf7 30. Nd5 Bf6 31. Nxf6 Kxf6 32. Bd4+ Kf7 33. Rgf1 Rc8+ 34. Kd2 Kg6 35. Rg1+ Kh5 36. Rxg8 Rxg8 37. Rf1 Rg2+ 38. Rf2 Rg4 39. Rxf5+ Kxh4 40. Bf6+ Kh3 41. Rh5+ 1-0

[Event "Lienz op-B 18th"]
[Site "Lienz"]
[Date "2015.02.07"]
[Round "1"]
[White "Tschida, Verena"]
[Black "Mesaros, Sebastian"]
[Result "1/2-1/2"]
[WhiteElo "1660"]
[BlackElo "1937"]
[PlyCount "42"]
[EventDate "2015.02.07"]
[EventType "swiss"]
[EventRounds "9"]
[EventCountry "AUT"]
[SourceTitle "CBM 165 Extra"]
[Source "ChessBase"]
[SourceDate "2015.04.21"]
[SourceVersion "1"]
[SourceVersionDate "2015.04.21"]
[SourceQuality "1"]

1. d4 Nf6 2. c4 g6 3. Nf3 Bg7 4. Nc3 d5 5. e3 0-0 6. b3 c5 7. cxd5 Nxd5 8. Nxd5 Qxd5 9. Bc4 Qd8 10. Bb2 Nc6 11. 0-0 Bg4 12. d5 Bxb2 13. Rb1 Ne5 14. Rxb2 Nxf3+ 15. gxf3 Bh3 16. Re1 Qd6 17. f4 h5 18. f3 Rfd8 19. Rd2 Qf6 20. Kh1 Rac8 21. Rg1 a6 1/2-1/2

[Event "Styrian op-B"]
[Site "Bad Gleichenberg"]
[Date "2014.07.11"]
[Round "7"]
[White "Mesaros, Sebastian"]
[Black "Toelly, Michael"]
[Result "0-1"]
[WhiteElo "1828"]
[BlackElo "1852"]
[PlyCount "92"]
[EventDate "2014.07.05"]
[EventType "swiss"]
[EventRounds "9"]
[EventCountry "AUT"]
[SourceTitle "EXT 2016"]
[Source "ChessBase"]
[SourceDate "2015.10.08"]
[SourceVersion "1"]
[SourceVersionDate "2015.10.08"]
[SourceQuality "1"]

1. e4 e5 2. Nf3 Nc6 3. Bc4 Bc5 4. 0-0 Nf6 5. d4 Bxd4 6. Nxd4 Nxd4 7. f4 d6 8. fxe5 dxe5 9. Bg5 Qe7 10. Nd2 Be6 11. c3 Nc6 12. b4 0-0-0 13. Qa4 h6 14. Bxf6 gxf6 15. Bxe6+ Qxe6 16. Rf2 Kb8 17. Raf1 f5 18. exf5 Qd5 19. f6 e4 20. Re1 Rhe8 21. Rfe2 Ne5 22. b5 Nd3 23. Rf1 e3 24. Nf3 Re4 25. Nd4 Nf4 26. Rxf4 Rxf4 27. Rxe3 Rxf6 28. Qc2 a6 29. a4 Qc4 30. Re2 Rxd4 31. cxd4 Qxd4+ 32. Rf2 Rxf2 33. Qxf2 Qxf2+ 34. Kxf2 axb5 35. axb5 Ka7 36. Kg3 Kb6 37. Kh4 Kxb5 38. Kh5 c5 39. Kxh6 c4 40. h4 c3 41. h5 c2 42. Kg7 c1Q 43. Kxf7 Qg5 44. g4 Qxg4 45. h6 Qh5+ 46. Kg7 Kc4 0-1

[Event "Styrian op-B"]
[Site "Bad Gleichenberg"]
[Date "2014.07.09"]
[Round "5"]
[White "Parragi, Istvan"]
[Black "Mesaros, Sebastian"]
[Result "1/2-1/2"]
[WhiteElo "1938"]
[BlackElo "1828"]
[PlyCount "68"]
[EventDate "2014.07.05"]
[EventType "swiss"]
[EventRounds "9"]
[EventCountry "AUT"]
[SourceTitle "EXT 2016"]
[Source "ChessBase"]
[SourceDate "2015.10.08"]
[SourceVersion "1"]
[SourceVersionDate "2015.10.08"]
[SourceQuality "1"]

1. c4 c5 2. Nf3 Nc6 3. d4 cxd4 4. Nxd4 g6 5. e4 Bg7 6. Be3 Nf6 7. Nc3 d6 8. Be2 0-0 9. Nc2 Be6 10. f3 Qa5 11. 0-0 Rac8 12. Nd5 Bxd5 13. exd5 Ne5 14. b3 a6 15. f4 Ned7 16. a4 Ne4 17. b4 Qc7 18. Bd4 Nc3 19. Bxc3 Bxc3 20. Rb1 Nb6 21. Ne3 Nd7 22. Qd3 Bg7 23. a5 b6 24. axb6 Qxb6 25. Rfc1 Bd4 26. c5 dxc5 27. bxc5 Qf6 28. Rc4 Bxc5 29. Kh1 Bxe3 30. Qxe3 Rxc4 31. Bxc4 Rb8 32. Re1 Rb4 33. Bf1 Rxf4 34. Bxa6 Rb4 1/2-1/2

[Event "AUT-ch U14"]
[Site "Woerth"]
[Date "2014.06.10"]
[Round "7"]
[White "Toelly, Michael"]
[Black "Mesaros, Sebastian"]
[Result "1-0"]
[WhiteElo "1789"]
[BlackElo "1811"]
[PlyCount "71"]
[EventDate "2014.06.07"]
[EventType "swiss"]
[EventRounds "7"]
[EventCountry "AUT"]
[SourceTitle "EXT 2016"]
[Source "ChessBase"]
[SourceDate "2015.10.08"]
[SourceVersion "1"]
[SourceVersionDate "2015.10.08"]
[SourceQuality "1"]

1. c4 e5 2. g3 Nf6 3. Bg2 d5 4. cxd5 Nxd5 5. Nf3 Nc6 6. 0-0 Be7 7. Nc3 Nb6 8. b3 0-0 9. Bb2 f6 10. Rc1 Be6 11. Qc2 Qd7 12. Rfd1 Bf5 13. Ne4 Nb4 14. Qb1 c6 15. d4 exd4 16. Nxd4 Qc8 17. a3 N4d5 18. b4 a6 19. Qa2 Kh8 20. Nxf5 Qxf5 21. Nc5 Qc8 22. e4 Nc7 23. a4 Rd8 24. a5 Bxc5 25. bxc5 Nd7 26. Bh3 Nb5 27. e5 fxe5 28. Bxe5 Nc7 29. Qb2 Ne8 30. Rd2 b5 31. axb6 Qb7 32. Rcd1 Nxe5 33. Rxd8 Nf7 34. R8d7 Qc8 35. Rxf7 Qxh3 36. Rf8# 1-0

[Event "Styrian op-B"]
[Site "Bad Gleichenberg"]
[Date "2013.07.12"]
[Round "7"]
[White "Mesaros, Sebastian"]
[Black "Wieser, Andreas"]
[Result "1/2-1/2"]
[WhiteElo "1791"]
[BlackElo "1968"]
[PlyCount "27"]
[EventDate "2013.07.06"]
[EventType "swiss"]
[EventRounds "9"]
[EventCountry "AUT"]
[SourceTitle "EXT 2015"]
[Source "ChessBase"]
[SourceDate "2014.11.20"]
[SourceVersion "1"]
[SourceVersionDate "2014.11.20"]
[SourceQuality "1"]

1. e4 e6 2. d4 d5 3. Nc3 Bb4 4. e5 c5 5. a3 cxd4 6. axb4 dxc3 7. Nf3 Qc7 8. Qd4 cxb2 9. Bxb2 Nc6 10. Qg4 Kf8 11. Bd3 Nh6 12. Qf4 Ne7 13. Ng5 Kg8 14. 0-0 1/2-1/2

[Event "Styrian op-B"]
[Site "Bad Gleichenberg"]
[Date "2013.07.09"]
[Round "4"]
[White "Mesaros, Sebastian"]
[Black "Tamele, Daniel"]
[Result "1-0"]
[WhiteElo "1791"]
[BlackElo "1945"]
[PlyCount "61"]
[EventDate "2013.07.06"]
[EventType "swiss"]
[EventRounds "9"]
[EventCountry "AUT"]
[SourceTitle "EXT 2015"]
[Source "ChessBase"]
[SourceDate "2014.11.20"]
[SourceVersion "1"]
[SourceVersionDate "2014.11.20"]
[SourceQuality "1"]

1. e4 g6 2. d4 Bg7 3. Nc3 d6 4. f4 Nf6 5. Nf3 0-0 6. Bd3 Nfd7 7. Be3 a6 8. Qd2 c5 9. 0-0-0 b5 10. h4 Qa5 11. Kb1 Nc6 12. Bf1 Bb7 13. Qe1 b4 14. Ne2 Nb6 15. Ng3 c4 16. h5 Na4 17. hxg6 hxg6 18. Bxc4 e6 19. Bb3 Rfb8 20. Ng5 d5 21. f5 Bc8 22. fxg6 fxg6 23. e5 Nb6 24. Qf2 Ra7 25. Ne2 Nc4 26. Bc1 Qb5 27. Rdf1 N6xe5 28. dxe5 Bxe5 29. Qxa7 Rb7 30. Qf2 a5 31. Qf8# 1-0

[Event "AUT-ch U14"]
[Site "Linz"]
[Date "2013.05.20"]
[Round "5"]
[White "Schwab, Lukas"]
[Black "Mesaros, Sebastian"]
[Result "1-0"]
[WhiteElo "1824"]
[BlackElo "1782"]
[PlyCount "53"]
[EventDate "2013.05.18"]
[EventType "swiss"]
[EventRounds "7"]
[EventCountry "AUT"]
[SourceTitle "EXT 2015"]
[Source "ChessBase"]
[SourceDate "2014.11.20"]
[SourceVersion "1"]
[SourceVersionDate "2014.11.20"]
[SourceQuality "1"]

1. e4 c6 2. d4 d5 3. Nc3 dxe4 4. Nxe4 Bf5 5. Ng3 Bg6 6. h4 h6 7. Nf3 Nd7 8. h5 Bh7 9. Bd3 Bxd3 10. Qxd3 e6 11. Bd2 Ngf6 12. 0-0-0 Be7 13. Kb1 0-0 14. Ne4 c5 15. Nxf6+ Nxf6 16. g4 Nxg4 17. Rhg1 Nxf2 18. Qe2 Nxd1 19. Bxh6 Bf6 20. Bxg7 Bxg7 21. h6 Qb6 22. Rxg7+ Kh8 23. Qxd1 Qd8 24. Qd3 f5 25. Ne5 Rf6 26. Qg3 Qxd4 27. Rh7+ 1-0

[Event "AUT-ch U14"]
[Site "Linz"]
[Date "2013.05.19"]
[Round "3"]
[White "Uksini, Bardhyl"]
[Black "Mesaros, Sebastian"]
[Result "1-0"]
[WhiteElo "1943"]
[BlackElo "1782"]
[PlyCount "165"]
[EventDate "2013.05.18"]
[EventType "swiss"]
[EventRounds "7"]
[EventCountry "AUT"]
[SourceTitle "EXT 2015"]
[Source "ChessBase"]
[SourceDate "2014.11.20"]
[SourceVersion "1"]
[SourceVersionDate "2014.11.20"]
[SourceQuality "1"]

1. Nf3 Nf6 2. g3 b6 3. Bg2 Bb7 4. c4 e6 5. 0-0 Be7 6. Nc3 0-0 7. d3 d5 8. cxd5 exd5 9. Bf4 c5 10. d4 Nc6 11. Rc1 Ne4 12. dxc5 Nxc3 13. bxc3 bxc5 14. Qc2 Qc8 15. Rfd1 Qe6 16. Ng5 Bxg5 17. Bxg5 d4 18. Qb3 Qxb3 19. axb3 Rab8 20. Bxc6 Bxc6 21. cxd4 Rxb3 22. Rxc5 Bb7 23. d5 f6 24. Bf4 Rd8 25. d6 Rb6 26. g4 Rc6 27. Rxc6 Bxc6 28. f3 Bb5 29. Kf2 Rd7 30. e4 Kf7 31. h4 Ke6 32. Ke3 Rb7 33. g5 a5 34. gxf6 gxf6 35. h5 a4 36. h6 a3 37. Ra1 Ra7 38. Bg3 a2 39. Bf2 Kxd6 40. Kf4 Ra3 41. Bd4 Ke6 42. Bb2 Ra5 43. Rg1 Bc4 44. Rc1 Bb5 45. Rc5 Kd6 46. Rf5 Kc6 47. Rxf6+ Kc5 48. Rf5+ Kb4 49. Rf7 a1Q 50. Bxa1 Rxa1 51. Rxh7 Ra8 52. Rc7 Rh8 53. h7 Ka5 54. Kg5 Kb6 55. Rg7 Kc6 56. f4 Bd3 57. Kf5 Kd6 58. Rg6+ Ke7 59. Rc6 Kd7 60. Rh6 Ke7 61. Rc6 Kd7 62. Rh6 Ke7 63. Rb6 Kd7 64. Rb7+ Kc6 65. Re7 Kd6 66. Kf6 Bxe4 67. Rxe4 Rxh7 68. f5 Rh1 69. Kf7 Rf1 70. f6 Kd5 71. Re2 Kd6 72. Kg7 Rg1+ 73. Kf8 Rf1 74. f7 Kd7 75. Ra2 Rf3 76. Ra7+ Kd8 77. Ra6 Rg3 78. Rd6+ Kc7 79. Ke7 Rg7 80. Rf6 Rh7 81. Ke8 Rh8+ 82. f8Q Rxf8+ 83. Kxf8 1-0

[Event "AUT-ch U16"]
[Site "Marz"]
[Date "2013.03.28"]
[Round "7"]
[White "Hofer, Emilian"]
[Black "Mesaros, Sebastian"]
[Result "1/2-1/2"]
[WhiteElo "1949"]
[BlackElo "1787"]
[PlyCount "66"]
[EventDate "2013.03.24"]
[EventType "swiss"]
[EventRounds "7"]
[EventCountry "AUT"]
[SourceTitle "CBM 153 Extra"]
[Source "ChessBase"]
[SourceDate "2013.04.22"]
[SourceVersion "1"]
[SourceVersionDate "2013.04.22"]
[SourceQuality "1"]

1. e4 c6 2. d4 d5 3. Nc3 dxe4 4. Nxe4 Bf5 5. Ng3 Bg6 6. h4 h6 7. Nf3 Nd7 8. h5 Bh7 9. Bd3 Bxd3 10. Qxd3 e6 11. Bd2 Ngf6 12. 0-0-0 Be7 13. Kb1 Qb6 14. Bc1 0-0-0 15. Ne4 Nxe4 16. Qxe4 Nf6 17. Qe2 Nd5 18. Ka1 Bf6 19. Ne5 Bxe5 20. dxe5 Qc7 21. Bd2 Ne7 22. g4 Rd5 23. Rhe1 Rhd8 24. Bc3 Rxd1+ 25. Rxd1 Rxd1+ 26. Qxd1 Nd5 27. Qe2 Nxc3 28. bxc3 Qa5 29. Kb2 Qb6+ 30. Kc1 Qa5 31. Qe3 Qa3+ 32. Kb1 Qa6 33. Kc1 Qa3+ 1/2-1/2

[Event "AUT-ch U16"]
[Site "Marz"]
[Date "2013.03.27"]
[Round "6"]
[White "Mesaros, Sebastian"]
[Black "Gludovatz, Lukas"]
[Result "0-1"]
[WhiteElo "1787"]
[BlackElo "1649"]
[PlyCount "100"]
[EventDate "2013.03.24"]
[EventType "swiss"]
[EventRounds "7"]
[EventCountry "AUT"]
[SourceTitle "CBM 153 Extra"]
[Source "ChessBase"]
[SourceDate "2013.04.22"]
[SourceVersion "1"]
[SourceVersionDate "2013.04.22"]
[SourceQuality "1"]

1. e4 e6 2. d4 d5 3. Nc3 Bb4 4. e5 c5 5. a3 Bxc3+ 6. bxc3 Qc7 7. Nf3 Nc6 8. Bd3 Nge7 9. 0-0 Nf5 10. Bxf5 exf5 11. Qd3 Be6 12. Rb1 b6 13. a4 0-0 14. Ng5 Rac8 15. Ba3 Rfd8 16. Rbc1 Na5 17. Nxe6 fxe6 18. Qb5 Nc4 19. Ra1 Nxa3 20. Rxa3 cxd4 21. cxd4 Qxc2 22. Qa6 Rd7 23. a5 Qc6 24. axb6 axb6 25. Rb1 Qc1+ 26. Rxc1 Rxc1+ 27. Qf1 Rxf1+ 28. Kxf1 Kf7 29. Rb3 Rb7 30. Ke2 Ke7 31. h3 Kd7 32. g4 g6 33. Ke3 Kc6 34. Kf4 Ra7 35. Kg5 Rf7 36. f4 b5 37. Rc3+ Kb6 38. Rc8 b4 39. Rb8+ Rb7 40. Rxb7+ Kxb7 41. Kf6 b3 42. Kxe6 b2 43. Kf7 b1Q 44. e6 fxg4 45. hxg4 Qe4 46. e7 Qxf4+ 47. Kg8 Qe4 48. Kf7 h5 49. e8Q Qxe8+ 50. Kxe8 hxg4 0-1

[Event "AUT-ch U16"]
[Site "Marz"]
[Date "2013.03.26"]
[Round "4"]
[White "Jakob, Tobias"]
[Black "Mesaros, Sebastian"]
[Result "1/2-1/2"]
[WhiteElo "1725"]
[BlackElo "1787"]
[PlyCount "88"]
[EventDate "2013.03.24"]
[EventType "swiss"]
[EventRounds "7"]
[EventCountry "AUT"]
[SourceTitle "CBM 153 Extra"]
[Source "ChessBase"]
[SourceDate "2013.04.22"]
[SourceVersion "1"]
[SourceVersionDate "2013.04.22"]
[SourceQuality "1"]

1. e4 c6 2. d4 d5 3. exd5 cxd5 4. Bd3 Nc6 5. c3 Nf6 6. Bf4 Bg4 7. Qb3 Qd7 8. Nd2 e6 9. Ngf3 Nh5 10. Bg3 Nxg3 11. hxg3 Bxf3 12. Nxf3 h6 13. 0-0 Bd6 14. Rfe1 0-0 15. Ne5 Bxe5 16. dxe5 Qc7 17. f4 Na5 18. Qd1 Qb6+ 19. Kh2 Qxb2 20. g4 Qxc3 21. Re3 Qb4 22. Qf3 g6 23. Rf1 Nc4 24. a3 Qc3 25. Bxc4 Qxc4 26. Rf2 Rac8 27. Qh3 Kg7 28. Qh4 Rh8 29. f5 exf5 30. Qf6+ Kg8 31. e6 Qc7+ 32. g3 Re8 33. gxf5 Qe7 34. exf7+ Qxf7 35. Rxe8+ Qxe8 36. Qxg6+ Qxg6 37. fxg6 Kg7 38. Rf7+ Kxg6 39. Rxb7 Kf5 40. Rxa7 Ke4 41. Kg2 Kd3 42. a4 d4 43. a5 Rd8 44. a6 Kd2 1/2-1/2

[Event "AUT-ch U16"]
[Site "Marz"]
[Date "2013.03.24"]
[Round "2"]
[White "Mesaros, Sebastian"]
[Black "Mesaros, Florian"]
[Result "0-1"]
[WhiteElo "1787"]
[BlackElo "2045"]
[PlyCount "50"]
[EventDate "2013.03.24"]
[EventType "swiss"]
[EventRounds "7"]
[EventCountry "AUT"]
[SourceTitle "CBM 153 Extra"]
[Source "ChessBase"]
[SourceDate "2013.04.22"]
[SourceVersion "1"]
[SourceVersionDate "2013.04.22"]
[SourceQuality "1"]

1. c4 g6 2. g3 Nf6 3. Bg2 c5 4. Nc3 Nc6 5. Nf3 Bg7 6. 0-0 d6 7. d4 cxd4 8. Nxd4 Bd7 9. Nxc6 Bxc6 10. Qc2 0-0 11. b3 Bxg2 12. Kxg2 Rc8 13. Bb2 d5 14. Rad1 Qa5 15. c5 Qxc5 16. Qd2 Rfd8 17. e3 Qc6 18. Kg1 Qe6 19. Ne2 Ne4 20. Nd4 Nxd2 21. Nxe6 Nxf1 22. Nxd8 Bxb2 23. Nxb7 Rc7 24. Nd8 e6 25. Kxf1 Bf6 0-1

[Event "EU Union-ch U12 10th"]
[Site "Mureck"]
[Date "2012.08.05"]
[Round "5"]
[White "Toth, Tamas2222"]
[Black "Mesaros, Sebastian"]
[Result "1/2-1/2"]
[WhiteElo "1826"]
[BlackElo "1776"]
[PlyCount "56"]
[EventDate "2012.08.01"]
[EventType "swiss"]
[EventRounds "9"]
[EventCountry "AUT"]
[SourceTitle "EXT 2013"]
[Source "ChessBase"]
[SourceDate "2012.11.22"]
[SourceVersion "1"]
[SourceVersionDate "2012.11.22"]
[SourceQuality "1"]

1. e4 c6 2. d4 d5 3. e5 Bf5 4. Nc3 e6 5. g4 Bg6 6. Nge2 Ne7 7. h4 h6 8. Be3 c5 9. Nf4 Bh7 10. Qd2 Nec6 11. 0-0-0 Nd7 12. Bb5 Qb6 13. Bxc6 Qxc6 14. Rhe1 c4 15. g5 hxg5 16. hxg5 Bf5 17. Rh1 Rxh1 18. Rxh1 b5 19. Nce2 b4 20. Ng3 Bg4 21. g6 f6 22. exf6 Nxf6 23. Rh8 c3 24. Qd3 Rc8 25. b3 a5 26. Nfh5 Nxh5 27. Nxh5 Bxh5 28. Rxh5 a4 1/2-1/2

[Event "EU Union-ch U12 10th"]
[Site "Mureck"]
[Date "2012.08.04"]
[Round "4"]
[White "Mesaros, Sebastian"]
[Black "Schloffer, Jasmin Denise"]
[Result "1-0"]
[WhiteElo "1776"]
[BlackElo "1480"]
[PlyCount "45"]
[EventDate "2012.08.01"]
[EventType "swiss"]
[EventRounds "9"]
[EventCountry "AUT"]
[SourceTitle "EXT 2013"]
[Source "ChessBase"]
[SourceDate "2012.11.22"]
[SourceVersion "1"]
[SourceVersionDate "2012.11.22"]
[SourceQuality "1"]

1. e4 e5 2. Nf3 Nc6 3. Bc4 Bc5 4. c3 Nf6 5. d3 0-0 6. Bb3 d5 7. Qe2 Bg4 8. Nbd2 Bb6 9. Nf1 h6 10. Ng3 Qd7 11. 0-0 Rfe8 12. h3 Bxf3 13. Qxf3 Rad8 14. Bxh6 gxh6 15. Qxf6 Re6 16. Qf5 Ne7 17. Qf3 Rg6 18. Nh5 Qc6 19. Rfe1 Qd6 20. exd5 Kf8 21. d4 Nxd5 22. c4 Nf6 23. dxe5 1-0

[Event "AUT-ch U12"]
[Site "Tschagguns"]
[Date "2012.05.27"]
[Round "3"]
[White "Blohberger, Felix"]
[Black "Mesaros, Sebastian"]
[Result "1/2-1/2"]
[WhiteElo "1782"]
[BlackElo "1803"]
[PlyCount "60"]
[EventDate "2012.05.26"]
[EventType "swiss"]
[EventRounds "7"]
[EventCountry "AUT"]
[SourceTitle "CBM 148 Extra"]
[Source "ChessBase"]
[SourceDate "2012.06.22"]
[SourceVersion "1"]
[SourceVersionDate "2012.06.22"]
[SourceQuality "1"]

1. e4 c6 2. d4 d5 3. Nc3 dxe4 4. Nxe4 Bf5 5. Ng3 Bg6 6. h4 h6 7. Nf3 Nd7 8. h5 Bh7 9. Bd3 Bxd3 10. Qxd3 e6 11. Bd2 Ngf6 12. 0-0-0 Be7 13. Ne4 Nxe4 14. Qxe4 Nf6 15. Qe2 Qd5 16. c4 Qe4 17. Be3 c5 18. Rh4 Qc6 19. d5 Qa6 20. dxe6 Qxe6 21. Rhh1 0-0 22. Nh2 Ne4 23. g4 Rfe8 24. Rdg1 Nd6 25. b3 Qe5 26. Qb2 Qxb2+ 27. Kxb2 Ne4 28. Kc2 Bg5 29. Nf3 Bxe3 30. fxe3 f6 1/2-1/2